How I Met Your Mother Characters - Statistics

General Stats
  • This quiz has been taken 678 times
    677 since last reset
  • The average score is 11 of 15
Answer Stats
Hint Answer % Correct
Married and is a kindergaten teacher Lily Aldrin
99%
Hopeless Romantic, best friends with Marshall Ted Mosby
99%
Womanizer and was married to Robin, but got divorced Barney Stinston
98%
Married and is a lawyer and judge Marshall Eriksen
98%
Reporter and eventually falls for ted Robin Scherbatsky
97%
The bar's waitress Wendy
87%
Plays Ted love interest abd is a baker at Buttejrcup Bakery Victoria
86%
Owner of MaClarens Carl MaClaren
84%
Zoey's ex-husband The Captain
79%
Katy Perry played Zoey's cousin H..... Honey
75%
Barney's gay black brother James Stinson
75%
Name of Boats, Boats, Boats girl Becky
51%
Falls in love with Ted, has two children, but dies in the series final The Mother
42%
Lily and Marshall baby names Marvin and Daisy
41%
Mothers roommates name Cindy
40%
No matching quizzes found
Score Distribution
Percent of People with Each Score
Percentile by Number Answered
Your Score History
You have not taken this quiz since the last reset